Total Improvement Management <The> Next Generation in Performance Improvement
Salvato in:
| Autore principale: | |
|---|---|
| Natura: | Libro |
| Lingua: | inglese |
| Pubblicazione: |
New York
MacGraw-Hill
1995
|
| Edizione: | 1. ed. |
| Soggetti: | |
| Tags: |
Nessun Tag, puoi essere il primo ad aggiungerne!!
|
MARC
| LEADER | 00000nam a2200000 4500 | ||
|---|---|---|---|
| 001 | c018954 | ||
| 005 | 20221205133625.4 | ||
| 020 | |a 0-07-026770-7 | ||
| 041 | 0 | |a eng | |
| 044 | |a US | ||
| 245 | 1 | 0 | |a Total Improvement Management |b <The> Next Generation in Performance Improvement |c H. James Harrington |
| 250 | |a 1. ed. | ||
| 264 | 1 | |a New York |b MacGraw-Hill |c 1995 | |
| 300 | |a 488 s. | ||
| 610 | 2 | 0 | |a riadenie |
| 610 | 2 | 0 | |a manažment |
| 610 | 2 | 0 | |a vedenie |
| 610 | 2 | 0 | |a plánovanie |
| 610 | 2 | 0 | |a spotrebitelia |
| 610 | 2 | 0 | |a zákazníci |
| 610 | 2 | 0 | |a normy |
| 610 | 2 | 0 | |a organizácia obchodu |
| 610 | 2 | 0 | |a reorganizácia |
| 610 | 2 | 0 | |a reorganizácia |
| 610 | 2 | 0 | |a zmeny organizačné |
| 610 | 2 | 0 | |a správanie |
| 100 | 1 | |a Harrington, H. James | |